Estudios sobre los carbones de Teruel y especialmente sobre la cuenca de Utrillas / (Record no. 70992)
[ view plain ]
| 000 -LEADER | |
|---|---|
| campo de control de longitud fija | 01058nam a2200205 i 4500 |
| 001 - NÚMERO DE CONTROL | |
| campo de control | 70992 |
| 003 - IDENTIFICADOR DE NÚMERO DE CONTROL | |
| campo de control | ES-MaACL |
| 005 - FECHA Y HORA DE LA ÚLTIMA TRANSACCIÓN | |
| campo de control | 20230906171003.0 |
| 007 - CAMPO FIJO DE DESCRIPCIÓN FÍSICA--INFORMACIÓN GENERAL | |
| campo de control de longitud fija | t| |
| 008 - DATOS DE LONGITUD FIJA--INFORMACIÓN GENERAL | |
| campo de control de longitud fija | 040804s1903 sp ||||1| spa d |
| 100 1# - ENTRADA PRINCIPAL--NOMBRE DE PERSONA | |
| Nombre de persona | Gascón y Miramón, Antonio. |
| 9 (RLIN) | 55868 |
| 245 10 - MENCIÓN DEL TÍTULO | |
| Título | Estudios sobre los carbones de Teruel y especialmente sobre la cuenca de Utrillas / |
| Mención de responsabilidad, etc. | por Antonio Gascón ; con la colaboración de Emiliano de la Cruz y Díaz, ncluyendo un extracto de los juicios de varios autores, un informe inédito de Manuel Abad y Boned, ... reproducción de otro informe de José de Sendra ... y una nota acerca de los hogares para lignitos por J. Ugarte. |
| 260 ## - PUBLICACIÓN, DISTRIBUCIÓN, ETC. | |
| Lugar de publicación, distribución, etc. | Madrid : |
| Nombre del editor, distribuidor, etc. | Ricardo Rojas, |
| Fecha de publicación, distribución, etc. | 1903. |
| 300 ## - DESCRIPCIÓN FÍSICA | |
| Extensión | VII, 170 p., [5] h. de lám. : il., mapas ; |
| Dimensiones | 26 cm. |
| 530 ## - NOTA DISPONIBLE DE FORMULARIO FÍSICO ADICIONAL | |
| Nota de formato físico adicional disponible | Disponible en formato digital. |
| 650 #4 - PUNTO DE ACCESO ADICIONAL DE MATERIA--TÉRMINO DE MATERIA | |
| Término de materia o nombre geográfico como elemento de entrada | Minas de carbón- |
| Subdivisión geográfica | Teruel (Provincia) |
| 9 (RLIN) | 161125 |
| 700 1# - ENTRADA AGREGADA--NOMBRE PERSONAL | |
| Nombre de persona | Cruz y Díaz, Emiliano de la. |
| 9 (RLIN) | 161126 |
| 852 ## - LOCALIZACIÓN | |
| Ubicación | ES-MaACL |
| Número de control de estantería | T-1052-F-6 |
| 856 ## - LOCALIZACIÓN Y ACCESO ELECTRÓNICOS | |
| Identificador Uniforme de Recursos | <a href="http://bdh-rd.bne.es/viewer.vm?id=0000131754&page=1 ">http://bdh-rd.bne.es/viewer.vm?id=0000131754&page=1 </a> |
| Nota pública | Biblioteca Digital Hispánica |
| Estatus retirado | Estado de pérdida | Estado de daño | No para préstamo | Colección | Biblioteca de origen | Biblioteca actual | Ubicación en estantería | Fecha de adquisición | Fuente de adquisición | Total de préstamos | Signatura topográfica completa | Código de barras | Visto por última vez | Precio de reemplazo | Tipo de ítem Koha |
|---|---|---|---|---|---|---|---|---|---|---|---|---|---|---|---|
| Colección de folletos | Biblioteca del Ateneo de Madrid | Biblioteca del Ateneo de Madrid | Depósito folletos | 17/01/2008 | T-1052-F-6 | 1074339 | 23/02/2023 | 23/02/2023 | Folleto |
